[Event "AUT-chT2M 1617"]
[Site "Austria"]
[Date "2017.01.28"]
[Round "7.6"]
[White "Titz, Heimo"]
[Black "Sandner, Wolfgang"]
[Result "1/2-1/2"]
[WhiteElo "2163"]
[BlackElo "2268"]
[PlyCount "99"]
[EventDate "2016.10.07"]
[EventType "team-tourn"]
[EventRounds "11"]
[EventCountry "AUT"]
[SourceTitle "CBM 177 Extra"]
[Source "ChessBase"]
[SourceDate "2017.04.27"]
[SourceVersion "1"]
[SourceVersionDate "2017.04.27"]
[SourceQuality "1"]
[WhiteTeam "Die Klagenfurter"]
[BlackTeam "Leoben"]
[WhiteTeamCountry "AUT"]
[BlackTeamCountry "AUT"]

1. c4 e5 2. g3 Nc6 3. Bg2 Nf6 4. d3 Bc5 5. Nf3 d6 6. Nc3 a6 7. 0-0 0-0 8. Bg5 h6 9. Bxf6 Qxf6 10. Nd5 Qd8 11. Rb1 Ne7 12. b4 Ba7 13. e3 Be6 14. Nd2 c6 15. Nxe7+ Qxe7 16. b5 axb5 17. cxb5 d5 18. bxc6 bxc6 19. Qc2 Rfc8 20. Nf3 Bb8 21. d4 e4 22. Nd2 Bd6 23. Nb3 Qa7 24. Rb2 Ba3 25. Rbb1 Qa4 26. Rfe1 Bb4 27. Rec1 Ba3 28. Rf1 Rc7 29. h3 Bc8 30. Rfe1 Bb4 31. Rec1 Ba6 32. Bf1 Bxf1 33. Kxf1 Ba3 34. Re1 Rca7 35. Re2 Rb7 36. Kg2 Rb4 37. Qd1 Rc4 38. Rc2 Rxc2 39. Qxc2 Ra6 40. Re1 Rb6 41. Re2 Qa6 42. Qd1 Qa4 43. Rc2 g6 44. Qg4 Bf8 45. h4 h5 46. Qe2 Qa8 47. Nc5 Bxc5 48. Rxc5 Ra6 49. Rc2 Kg7 50. Qd2 1/2-1/2

[Event "AUT-chT2M 1617"]
[Site "Austria"]
[Date "2016.10.09"]
[Round "3.6"]
[White "Sandner, Wolfgang"]
[Black "Teuschler, Barbara"]
[Result "1/2-1/2"]
[WhiteElo "2268"]
[BlackElo "2186"]
[PlyCount "85"]
[EventDate "2016.10.07"]
[EventType "team-tourn"]
[EventRounds "11"]
[EventCountry "AUT"]
[SourceTitle "EXT 2017"]
[Source "ChessBase"]
[SourceDate "2016.10.25"]
[SourceVersion "1"]
[SourceVersionDate "2016.10.25"]
[SourceQuality "1"]
[WhiteTeam "Leoben"]
[BlackTeam "Graz Schachfreunde"]
[WhiteTeamCountry "AUT"]
[BlackTeamCountry "AUT"]

1. e4 e5 2. Nf3 Nc6 3. Bb5 a6 4. Ba4 Nf6 5. 0-0 b5 6. Bb3 Be7 7. Re1 d6 8. c3 0-0 9. d3 Na5 10. Bc2 c5 11. Bg5 h6 12. Bh4 Nh5 13. Bg3 Nxg3 14. fxg3 Bf6 15. Nbd2 Nc6 16. Bb3 Be6 17. a4 Rb8 18. axb5 axb5 19. Bxe6 fxe6 20. Qb3 Qd7 21. Ra6 Kh8 22. Rea1 Rfc8 23. Qd1 d5 24. Qe2 Qc7 25. Ne1 Rb6 26. Qg4 Rxa6 27. Rxa6 Qb7 28. Ra1 Re8 29. Qg6 Qc8 30. Nef3 Rf8 31. Qg4 Kh7 32. h4 c4 33. dxc4 bxc4 34. Ng5+ Bxg5 35. hxg5 Qe8 36. Ra6 Qc8 37. g6+ Kh8 38. Ra4 Qe8 39. Ra6 Rf6 40. Nf3 Qc8 41. Ra1 Qe8 42. Ra6 Qc8 43. Ra1 1/2-1/2

[Event "AUT-chT2M 1516"]
[Site "Austria"]
[Date "2016.02.28"]
[Round "8.6"]
[White "Sandner, Wolfgang"]
[Black "Hresc, Vladimir"]
[Result "1/2-1/2"]
[WhiteElo "2236"]
[BlackElo "2382"]
[PlyCount "96"]
[EventDate "2015.10.02"]
[EventType "team-tourn"]
[EventRounds "11"]
[EventCountry "AUT"]
[SourceTitle "EXT 2017"]
[Source "ChessBase"]
[SourceDate "2016.10.25"]
[SourceVersion "1"]
[SourceVersionDate "2016.10.25"]
[SourceQuality "1"]
[WhiteTeam "Gleisdorf"]
[BlackTeam "Wolfsberg"]
[WhiteTeamCountry "AUT"]
[BlackTeamCountry "AUT"]

1. e4 e5 2. Nf3 Nc6 3. Bb5 a6 4. Ba4 Nf6 5. d3 d6 6. c3 Be7 7. 0-0 0-0 8. Re1 b5 9. Bc2 Re8 10. Nbd2 Bf8 11. Nf1 h6 12. Ng3 d5 13. exd5 Nxd5 14. d4 exd4 15. Rxe8 Qxe8 16. Nxd4 Nxd4 17. Qxd4 Qe1+ 18. Nf1 Nf6 19. Rb1 Qe6 20. Ra1 Bb7 21. Be3 Bd6 22. Ng3 c5 23. Qh4 Qg4 24. Qxg4 Nxg4 25. Bd2 Rd8 26. Rd1 Bf8 27. Bf4 Rxd1+ 28. Bxd1 Nf6 29. Nf5 Bc8 30. Bc2 Be6 31. a3 g6 32. Ne3 c4 33. a4 Nd5 34. Nxd5 Bxd5 35. axb5 axb5 36. Be3 f5 37. f4 Kf7 38. Kf2 Ke6 39. g3 Bg7 40. Bc5 Bf6 41. h4 Be4 42. Bd1 Kd5 43. Be3 h5 44. Bd2 Be7 45. Be3 Bf8 46. Bd2 Bc5+ 47. Be3 Bf8 48. Bd2 Bc5+ 1/2-1/2

[Event "AUT-chT2M 1314"]
[Site "Austria"]
[Date "2013.10.04"]
[Round "1.5"]
[White "Sandner, Wolfgang"]
[Black "Teuschler, Hugo"]
[Result "1-0"]
[WhiteElo "2217"]
[BlackElo "2034"]
[PlyCount "109"]
[EventDate "2013.10.04"]
[EventType "team-tourn"]
[EventRounds "11"]
[EventCountry "AUT"]
[SourceTitle "CBM 156 Extra"]
[Source "ChessBase"]
[SourceDate "2013.10.22"]
[SourceVersion "1"]
[SourceVersionDate "2013.10.22"]
[SourceQuality "1"]
[WhiteTeam "Gleisdorf"]
[BlackTeam "Graz Strassenbahn"]
[WhiteTeamCountry "AUT"]
[BlackTeamCountry "AUT"]

1. Nf3 d5 2. g3 Nf6 3. Bg2 e6 4. d3 Be7 5. 0-0 0-0 6. Nbd2 c5 7. e4 Nc6 8. Re1 d4 9. e5 Nd5 10. Ne4 h6 11. c4 dxc3 12. bxc3 Rb8 13. a3 Bd7 14. c4 Nc7 15. Be3 b6 16. Qd2 Na5 17. Qc2 Bc6 18. Bd2 Ba8 19. h4 Nc6 20. Bf4 Ne8 21. Nh2 Nd4 22. Qd1 Nf5 23. Bh3 Rc8 24. Qe2 Kh7 25. Qh5 Qd7 26. Rad1 Kh8 27. Nf1 g6 28. Qg4 h5 29. Qf3 Nd4 30. Qg2 Ng7 31. Ne3 Qd8 32. Qh1 Kh7 33. Bg2 Ndf5 34. Ng5+ Bxg5 35. Bxg5 Bxg2 36. Qxg2 Qd7 37. Qf3 Qc6 38. Qxc6 Rxc6 39. Kg2 Rc7 40. Rd2 Rd7 41. Nd1 Rc8 42. Nc3 Rc6 43. Ne4 Ne8 44. f3 Rb7 45. g4 Nfg7 46. Rb1 Rd7 47. Kf2 Rb7 48. Ke2 Rd7 49. a4 Kg8 50. Rdb2 Kf8 51. Ra2 Rcc7 52. a5 Rc6 53. axb6 axb6 54. Ra8 Rb7 55. Bf6 1-0

[Event "AUT-chT2M 1213"]
[Site "Austria"]
[Date "2013.03.23"]
[Round "7.5"]
[White "Sandner, Wolfgang"]
[Black "Reichmann, Egon"]
[Result "1/2-1/2"]
[WhiteElo "2209"]
[BlackElo "2269"]
[PlyCount "132"]
[EventDate "2012.10.19"]
[EventType "team-tourn"]
[EventRounds "11"]
[EventCountry "AUT"]
[SourceTitle "EXT 2014"]
[Source "ChessBase"]
[SourceDate "2013.11.20"]
[SourceVersion "1"]
[SourceVersionDate "2013.11.20"]
[SourceQuality "1"]
[WhiteTeam "Gleisdorf"]
[BlackTeam "Wolfsberg"]
[WhiteTeamCountry "AUT"]
[BlackTeamCountry "AUT"]

1. e4 e5 2. Nf3 Nc6 3. Bb5 a6 4. Ba4 Nf6 5. 0-0 Be7 6. Re1 d6 7. c3 b5 8. Bc2 0-0 9. h3 Bb7 10. d3 Re8 11. Nbd2 Bf8 12. Nf1 g6 13. N3h2 Bg7 14. Qf3 h6 15. Ne3 Nh7 16. Qg3 h5 17. Bb3 Na5 18. Bd1 Bc8 19. Nf3 Kh8 20. b4 Nc6 21. Bb3 Be6 22. Nd5 a5 23. Bg5 Qd7 24. a3 f6 25. Bd2 g5 26. Nh2 Nd8 27. bxa5 Nb7 28. Bd1 h4 29. Qe3 Nxa5 30. Bh5 Reb8 31. Bg4 Bxg4 32. Nxg4 Nb3 33. Ra2 Nxd2 34. Qxd2 Ra4 35. Qb2 c6 36. Nde3 Rba8 37. Qb3 Nf8 38. Nf5 Ne6 39. Rea1 Kh7 40. Qd1 Rd8 41. Qf3 Qf7 42. g3 hxg3 43. fxg3 d5 44. Rf2 Bh8 45. Nfe3 Qg6 46. Nf5 dxe4 47. dxe4 Ra7 48. Kg2 Rdd7 49. Nge3 Kg8 50. Rd1 Bg7 51. Rd6 Qf7 52. Ng4 Kf8 53. Nfh6 Qe7 54. Rxd7 Rxd7 55. Nxe5 Nf4+ 56. gxf4 fxe5 57. fxg5+ Ke8 58. Qh5+ Kd8 59. Nf5 Qe6 60. Nxg7 Rxg7 61. Qh8+ Rg8 62. Rf8+ Rxf8 63. Qxf8+ Kc7 64. Qf5 Qd6 65. Qf3 Qd2+ 66. Kf1 Qxg5 1/2-1/2

[Event "AUT-chT2M 1213"]
[Site "Austria"]
[Date "2013.03.22"]
[Round "6.5"]
[White "Sandner, Wolfgang"]
[Black "Fahrner, Kurt"]
[Result "0-1"]
[WhiteElo "2209"]
[BlackElo "2378"]
[PlyCount "112"]
[EventDate "2012.10.19"]
[EventType "team-tourn"]
[EventRounds "11"]
[EventCountry "AUT"]
[SourceTitle "EXT 2014"]
[Source "ChessBase"]
[SourceDate "2013.11.20"]
[SourceVersion "1"]
[SourceVersionDate "2013.11.20"]
[SourceQuality "1"]
[WhiteTeam "Gleisdorf"]
[BlackTeam "Graz Austria"]
[WhiteTeamCountry "AUT"]
[BlackTeamCountry "AUT"]

1. e4 e5 2. Nf3 Nc6 3. Bc4 Bc5 4. c3 Qe7 5. 0-0 d6 6. h3 Nf6 7. Re1 Bd7 8. a4 a6 9. d4 Ba7 10. d5 Nd8 11. Be3 Bxe3 12. Rxe3 Nh5 13. g3 g6 14. Bf1 Ng7 15. c4 0-0 16. Nc3 a5 17. Nb5 Ne8 18. Qd2 b6 19. Ne1 Nb7 20. Nd3 Nc5 21. Nxc5 dxc5 22. Nc3 Nd6 23. b3 f5 24. Bg2 f4 25. Rd3 Rf7 26. g4 Raf8 27. f3 h5 28. Rf1 Rh7 29. Qb2 Be8 30. Qe2 Qf6 31. Qd2 Bd7 32. Qd1 Kf7 33. Qd2 Ke7 34. Nb5 Kd8 35. Qc2 Rfh8 36. Qe2 Qh4 37. Qf2 hxg4 38. Qxh4+ Rxh4 39. fxg4 Bxb5 40. axb5 Ke7 41. Rc1 Rd8 42. Kf2 Nf7 43. Rh1 Ng5 44. Rdd1 Rdh8 45. Rde1 Nxh3+ 46. Ke2 Ng5 47. Kf2 Kf6 48. Rd1 Rxh1 49. Rxh1 Rxh1 50. Bxh1 Nf7 51. Kg2 Kg5 52. Kh3 f3 53. Kg3 f2 54. Bg2 Nh6 55. Kxf2 Kf4 56. g5 Nf7 0-1

[Event "AUT-chT2M 1213"]
[Site "Austria"]
[Date "2012.10.21"]
[Round "3.6"]
[White "Sandner, Wolfgang"]
[Black "Lautner, Josef"]
[Result "1/2-1/2"]
[WhiteElo "2209"]
[BlackElo "2193"]
[PlyCount "91"]
[EventDate "2012.10.19"]
[EventType "team-tourn"]
[EventRounds "11"]
[EventCountry "AUT"]
[SourceTitle "EXT 2013"]
[Source "ChessBase"]
[SourceDate "2012.11.22"]
[SourceVersion "1"]
[SourceVersionDate "2012.11.22"]
[SourceQuality "1"]
[WhiteTeam "Gleisdorf"]
[BlackTeam "Sauwald"]
[WhiteTeamCountry "AUT"]
[BlackTeamCountry "AUT"]

1. e4 Nf6 2. Nc3 d5 3. exd5 Nxd5 4. Bc4 Nb6 5. Bb3 Nc6 6. a4 a5 7. Qf3 e6 8. Nge2 g6 9. d3 Bg7 10. Qg3 Ne7 11. h4 Bd7 12. h5 Nf5 13. Qh2 g5 14. h6 Bf8 15. Ne4 Rg8 16. Qe5 Be7 17. Bd2 f6 18. Qh2 Rg6 19. f4 g4 20. Qg1 Nd5 21. Nd4 Nxd4 22. Qxd4 Bc6 23. 0-0-0 Qd7 24. f5 exf5 25. Nc5 Bxc5 26. Qxc5 0-0-0 27. Qxa5 b6 28. Qa6+ Bb7 29. Qc4 Qd6 30. Rde1 f4 31. Rh5 Rg5 32. Rxg5 fxg5 33. Qe4 Qxh6 34. Qf5+ Kb8 35. Qxg4 Qg6 36. Re5 h6 37. a5 bxa5 38. Re6 Qg7 39. Qh5 Rd6 40. Qe8+ Ka7 41. Rxd6 cxd6 42. Qb5 Qd4 43. Qxa5+ Kb8 44. Qd8+ Ka7 45. Qa5+ Kb8 46. Qd8+ 1/2-1/2

[Event "AUT-chT2M 1213"]
[Site "Austria"]
[Date "2012.10.19"]
[Round "1.6"]
[White "Sandner, Wolfgang"]
[Black "Forstner, Joerg"]
[Result "1/2-1/2"]
[WhiteElo "2209"]
[BlackElo "2127"]
[PlyCount "60"]
[EventDate "2012.10.19"]
[EventType "team-tourn"]
[EventRounds "11"]
[EventCountry "AUT"]
[SourceTitle "EXT 2013"]
[Source "ChessBase"]
[SourceDate "2012.11.22"]
[SourceVersion "1"]
[SourceVersionDate "2012.11.22"]
[SourceQuality "1"]
[WhiteTeam "Gleisdorf"]
[BlackTeam "Steyregg"]
[WhiteTeamCountry "AUT"]
[BlackTeamCountry "AUT"]

1. e4 b6 2. Nf3 Bb7 3. d3 Nc6 4. g3 e5 5. Bg2 Nf6 6. 0-0 Be7 7. b3 d6 8. Bb2 0-0 9. Re1 Re8 10. Nbd2 a5 11. a4 Bf8 12. Nc4 g6 13. Qd2 Bg7 14. Nh4 Nh5 15. Bf3 Nf4 16. Ng2 Nh3+ 17. Kf1 h5 18. c3 Qf6 19. Qe3 Kh7 20. Bc1 Nd8 21. Qe2 Ng5 22. Nh4 Nxf3 23. Qxf3 Qxf3 24. Nxf3 Ne6 25. Ng5+ Nxg5 26. Bxg5 Ba6 27. Red1 Bxc4 28. dxc4 Bh6 29. Bxh6 Kxh6 30. Ke2 Kg5 1/2-1/2

[Event "AUT-chT2M 1011"]
[Site "Austria"]
[Date "2010.11.28"]
[Round "5"]
[White "Sandner, Wolfgang"]
[Black "Hartl, Daniel"]
[Result "0-1"]
[WhiteElo "2234"]
[BlackElo "2233"]
[PlyCount "110"]
[EventDate "2010.10.16"]
[EventType "team-tourn"]
[EventRounds "11"]
[EventCountry "AUT"]
[SourceTitle "EXT 2012"]
[Source "ChessBase"]
[SourceDate "2011.11.24"]
[SourceVersion "1"]
[SourceVersionDate "2011.11.24"]
[SourceQuality "1"]
[WhiteTeam "Gleisdorf"]
[BlackTeam "Maria Saal"]
[WhiteTeamCountry "AUT"]
[BlackTeamCountry "AUT"]

1. e4 e5 2. Nf3 Nc6 3. c3 d5 4. d3 Nf6 5. Qc2 Be7 6. Be2 a5 7. a4 h6 8. Na3 0-0 9. h3 Be6 10. 0-0 Qd7 11. Re1 Bc5 12. Bf1 Rfe8 13. Nb5 Rad8 14. Qe2 dxe4 15. dxe4 Bb3 16. Nd2 Bc2 17. Qf3 Bb6 18. Nc4 Bc5 19. Nd2 Bb6 20. Bc4 Ne7 21. Nf1 Qc6 22. Ba2 Bxe4 23. Qg3 Nf5 24. Qh2 Nd6 25. Qg3 Nf5 26. Qh2 Rd7 27. Ne3 Nxe3 28. Bxe3 Bxe3 29. Rxe3 Red8 30. Qxe5 Rd1+ 31. Re1 Rxe1+ 32. Rxe1 Bxg2 33. Nd4 Rxd4 34. Qxd4 Bh1 35. f3 Bxf3 36. Rf1 Be4 37. Bc4 b6 38. Re1 Bg6 39. Bf1 Qf3 40. Bg2 Qg3 41. Re2 Nh5 42. Rf2 Qg5 43. Kh2 Kh7 44. Kg1 Qc1+ 45. Kh2 Qg5 46. b4 axb4 47. cxb4 Qg3+ 48. Kg1 Qa3 49. b5 Ng3 50. Kh2 Nf5 51. Qf4 Nd6 52. Bf3 Qb3 53. Rg2 Bc2 54. Qe5 Bg6 55. h4 Qxf3 0-1

[Event "AUT-chT2M 1011"]
[Site "Austria"]
[Date "2010.10.16"]
[Round "1"]
[White "Hiermann, Dietmar"]
[Black "Sandner, Wolfgang"]
[Result "1/2-1/2"]
[WhiteElo "2287"]
[BlackElo "2234"]
[PlyCount "64"]
[EventDate "2010.10.16"]
[EventType "team-tourn"]
[EventRounds "11"]
[EventCountry "AUT"]
[SourceTitle "CBM 138 Extra"]
[Source "ChessBase"]
[SourceDate "2010.10.29"]
[SourceVersion "1"]
[SourceVersionDate "2010.10.29"]
[SourceQuality "1"]
[WhiteTeam "Sauwald"]
[BlackTeam "Gleisdorf"]
[WhiteTeamCountry "AUT"]
[BlackTeamCountry "AUT"]

1. e4 d6 2. d4 Nf6 3. Nc3 e5 4. Nf3 Nbd7 5. Bc4 Be7 6. 0-0 0-0 7. h3 c6 8. dxe5 dxe5 9. a4 b6 10. Qe2 Qc7 11. Nh4 Nc5 12. Nf5 Ne6 13. Bxe6 Bxe6 14. Nxe7+ Qxe7 15. Bg5 h6 16. Bxf6 Qxf6 17. Qe3 Qe7 18. Rfd1 Rfd8 19. Ne2 Rxd1+ 20. Rxd1 Rd8 21. Rd2 Rxd2 22. Qxd2 Qc5 23. b3 Kh7 24. Kf1 f5 25. Qc3 Qd6 26. f4 exf4 27. e5 Qd1+ 28. Kf2 f3 29. gxf3 Qh1 30. Qxc6 Qh2+ 31. Ke1 Qxe5 32. f4 Qe3 1/2-1/2

[Event "AUT-chT2M 0910"]
[Site "Austria"]
[Date "2010.04.18"]
[Round "11.4"]
[White "Wertjanz, David"]
[Black "Sandner, Wolfgang"]
[Result "1/2-1/2"]
[WhiteElo "2126"]
[BlackElo "2224"]
[PlyCount "68"]
[EventDate "2009.10.10"]
[EventType "team-tourn"]
[EventRounds "11"]
[EventCountry "AUT"]
[SourceTitle "EXT 2011"]
[Source "ChessBase"]
[SourceDate "2010.11.26"]
[SourceVersion "1"]
[SourceVersionDate "2010.11.26"]
[SourceQuality "1"]
[WhiteTeam "Klagenfurt"]
[BlackTeam "Gleisdorf"]
[WhiteTeamCountry "AUT"]
[BlackTeamCountry "AUT"]

1. e4 c6 2. d4 d6 3. Nc3 Qc7 4. f4 e5 5. Nf3 Nd7 6. Be3 Ngf6 7. Qd2 Be7 8. 0-0-0 exd4 9. Nxd4 Nc5 10. e5 dxe5 11. fxe5 Nfe4 12. Nxe4 Nxe4 13. Qd3 Nc5 14. Qe2 0-0 15. Bf2 Re8 16. Bg3 Qa5 17. Kb1 Na4 18. Nb3 Qb6 19. Qe4 Nc5 20. Nxc5 Qxc5 21. Bc4 Be6 22. Bxe6 fxe6 23. Qg4 Bf8 24. Rd7 Re7 25. Rxe7 Qxe7 26. Bh4 Qf7 27. Rd1 Be7 28. Bxe7 Qxe7 29. Rd6 Re8 30. b3 h6 31. Qd4 Qf7 32. Kb2 a6 33. Rd7 Re7 34. Rd8+ Re8 1/2-1/2

[Event "AUT-chT2M 0910"]
[Site "Austria"]
[Date "2010.04.17"]
[Round "10.6"]
[White "Sandner, Wolfgang"]
[Black "Niederwieser, Peter"]
[Result "1-0"]
[WhiteElo "2224"]
[BlackElo "2173"]
[PlyCount "119"]
[EventDate "2009.10.10"]
[EventType "team-tourn"]
[EventRounds "11"]
[EventCountry "AUT"]
[SourceTitle "EXT 2011"]
[Source "ChessBase"]
[SourceDate "2010.11.26"]
[SourceVersion "1"]
[SourceVersionDate "2010.11.26"]
[SourceQuality "1"]
[WhiteTeam "Gleisdorf"]
[BlackTeam "Sauwald"]
[WhiteTeamCountry "AUT"]
[BlackTeamCountry "AUT"]

1. e4 e6 2. d3 d5 3. Nd2 c5 4. Ngf3 Nc6 5. c3 Bd6 6. Be2 Nge7 7. 0-0 0-0 8. Re1 Qc7 9. d4 cxd4 10. cxd4 dxe4 11. Nxe4 Rd8 12. Bg5 Bb4 13. Rf1 f6 14. Be3 Nf5 15. Rc1 Qb6 16. Bc4 Kh8 17. Qe2 Nce7 18. Nc3 Nd5 19. Bb3 a6 20. Nxd5 exd5 21. Bf4 Bd6 22. Bxd6 Qxd6 23. Rfe1 Bd7 24. Qd3 g6 25. Rc5 Bc6 26. Qd2 Ng7 27. Nh4 Ne6 28. Rc3 Qf4 29. Qxf4 Nxf4 30. g3 Nh3+ 31. Kg2 Ng5 32. f3 Re8 33. Rce3 Rxe3 34. Rxe3 Kg7 35. Kf2 Kf7 36. Ng2 Ne6 37. Rd3 Re8 38. Ne3 Rd8 39. Rd2 Ke7 40. h4 Kd6 41. Ng4 Rf8 42. Bc2 Be8 43. Ne3 Bc6 44. f4 f5 45. Ng2 Ng7 46. Ne1 Nh5 47. Nf3 Nf6 48. Ne5 Re8 49. Kf3 Ne4 50. Rh2 h5 51. Bd3 Bb5 52. Bxb5 axb5 53. Rg2 Rg8 54. Rc2 Ke6 55. Rc7 Nd6 56. Nd7 Rg7 57. Nf8+ Kf6 58. Nh7+ Rxh7 59. Rxh7 Nf7 60. Ke3 1-0

[Event "AUT-chT2M 0910"]
[Site "Austria"]
[Date "2010.01.31"]
[Round "6.5"]
[White "Sandner, Wolfgang"]
[Black "Raffalt, Manfred"]
[Result "1-0"]
[WhiteElo "2224"]
[BlackElo "2136"]
[PlyCount "77"]
[EventDate "2009.10.10"]
[EventType "team-tourn"]
[EventRounds "11"]
[EventCountry "AUT"]
[SourceTitle "EXT 2011"]
[Source "ChessBase"]
[SourceDate "2010.11.26"]
[SourceVersion "1"]
[SourceVersionDate "2010.11.26"]
[SourceQuality "1"]
[WhiteTeam "Gleisdorf"]
[BlackTeam "Frauental"]
[WhiteTeamCountry "AUT"]
[BlackTeamCountry "AUT"]

1. e4 e6 2. d3 d5 3. Nd2 Nf6 4. Ngf3 Nc6 5. Be2 dxe4 6. dxe4 e5 7. c3 a5 8. 0-0 Bc5 9. Qc2 0-0 10. Nc4 h6 11. b3 Re8 12. a3 Bg4 13. Be3 Qe7 14. b4 axb4 15. axb4 Bxe3 16. Nxe3 Be6 17. Nd2 Red8 18. Ndc4 b6 19. Bf3 b5 20. Nb2 Qd6 21. Rxa8 Rxa8 22. Rd1 Qe7 23. Nd3 Nd7 24. Nd5 Qd8 25. Ne1 Ncb8 26. Ne3 Qf8 27. Qe2 c6 28. Bg4 Bxg4 29. Qxg4 Ra7 30. Nf3 Nf6 31. Qh4 Rd7 32. Ra1 Kh7 33. Nf5 Qd8 34. h3 Rd1+ 35. Rxd1 Qxd1+ 36. Kh2 Qc1 37. Nxe5 Qxc3 38. Nxf7 Nbd7 39. N7xh6 1-0

[Event "AUT-chT2M 0708"]
[Site "Austria"]
[Date "2008.04.06"]
[Round "11.6"]
[White "Sandner, Wolfgang"]
[Black "Sternat, Roland"]
[Result "1/2-1/2"]
[WhiteElo "2225"]
[BlackElo "2126"]
[PlyCount "21"]
[EventDate "2007.10.13"]
[EventType "team"]
[EventRounds "11"]
[EventCountry "AUT"]
[SourceTitle "EXT 2009"]
[Source "ChessBase"]
[SourceDate "2008.11.26"]
[SourceVersion "1"]
[SourceVersionDate "2008.11.26"]
[SourceQuality "1"]
[WhiteTeam "Leoben"]
[BlackTeam "Wolfsberg"]
[WhiteTeamCountry "AUT"]
[BlackTeamCountry "AUT"]

1. e4 d5 2. exd5 Nf6 3. d4 Nxd5 4. c4 Nb6 5. Nc3 g6 6. Be3 Bg7 7. h3 0-0 8. Nf3 Nc6 9. Be2 a6 10. Rc1 e5 11. d5 1/2-1/2

[Event "AUT-chT2M 0708"]
[Site "Austria"]
[Date "2008.03.02"]
[Round "9.6"]
[White "Schrittwieser, Herbert"]
[Black "Sandner, Wolfgang"]
[Result "1/2-1/2"]
[WhiteElo "2200"]
[BlackElo "2225"]
[PlyCount "51"]
[EventDate "2007.10.13"]
[EventType "team"]
[EventRounds "11"]
[EventCountry "AUT"]
[SourceTitle "EXT 2009"]
[Source "ChessBase"]
[SourceDate "2008.11.26"]
[SourceVersion "1"]
[SourceVersionDate "2008.11.26"]
[SourceQuality "1"]
[WhiteTeam "Graz Austria"]
[BlackTeam "Leoben"]
[WhiteTeamCountry "AUT"]
[BlackTeamCountry "AUT"]

1. Nf3 f5 2. c4 Nf6 3. g3 g6 4. Bg2 Bg7 5. 0-0 d6 6. d4 c6 7. Nc3 0-0 8. Rb1 Qe8 9. d5 Na6 10. Nd4 cxd5 11. cxd5 Kh8 12. b4 h6 13. Qd3 Ng4 14. f4 Qd8 15. e3 Qb6 16. Na4 Qd8 17. h3 Nf6 18. Nc3 Qb6 19. Na4 Qd8 20. Kh2 Bd7 21. Nc3 Qb6 22. a3 Rfc8 23. Bb2 Nc7 24. Rfd1 a5 25. b5 a4 26. Rdc1 1/2-1/2

[Event "AUT-chT2M 0708"]
[Site "Austria"]
[Date "2008.01.26"]
[Round "6.6"]
[White "Mittendorfer, Josef"]
[Black "Sandner, Wolfgang"]
[Result "0-1"]
[WhiteElo "2113"]
[BlackElo "2225"]
[PlyCount "80"]
[EventDate "2007.10.13"]
[EventType "team"]
[EventRounds "11"]
[EventCountry "AUT"]
[SourceTitle "EXT 2009"]
[Source "ChessBase"]
[SourceDate "2008.11.26"]
[SourceVersion "1"]
[SourceVersionDate "2008.11.26"]
[SourceQuality "1"]
[WhiteTeam "Voecklabruck"]
[BlackTeam "Leoben"]
[WhiteTeamCountry "AUT"]
[BlackTeamCountry "AUT"]

1. d4 Nf6 2. c4 g6 3. f3 Bg7 4. e4 d6 5. Nc3 0-0 6. Be3 e5 7. d5 Na6 8. Qd2 Ne8 9. g4 c5 10. 0-0-0 Bd7 11. Bd3 Rb8 12. h4 Nec7 13. h5 b5 14. hxg6 fxg6 15. Qh2 Kf7 16. Nh3 h6 17. f4 Bxg4 18. Rdg1 h5 19. Ng5+ Ke8 20. cxb5 Nb4 21. Bc4 exf4 22. Bxf4 Be5 23. Bxe5 Qxg5+ 24. Kb1 Qxe5 25. Qxe5+ dxe5 26. a3 Ke7 27. axb4 cxb4 28. Na2 Nxb5 29. Nxb4 Nd4 30. Nd3 Nf3 31. Rg2 Kd6 32. Rc2 Nd4 33. Rf2 Rf3 34. Rxf3 Bxf3 35. Rg1 Bxe4 36. Ka2 Rc8 37. Ba6 Bxd5+ 38. Ka3 Rg8 39. Nb4 Be4 40. Rd1 h4 0-1

[Event "AUT-chT 0607"]
[Site "Austria"]
[Date "2007.01.20"]
[Round "6"]
[White "Sandner, Wolfgang"]
[Black "Volkmann, Friedrich Karl"]
[Result "0-1"]
[WhiteElo "2234"]
[BlackElo "2418"]
[PlyCount "68"]
[EventDate "2006.11.03"]
[EventType "team"]
[EventRounds "11"]
[EventCountry "AUT"]
[SourceTitle "EXT 2008"]
[Source "ChessBase"]
[SourceDate "2007.11.25"]
[SourceVersion "1"]
[SourceVersionDate "2007.11.25"]
[SourceQuality "1"]
[WhiteTeam "Leoben"]
[BlackTeam "Wulkaprodersdorf"]
[WhiteTeamCountry "AUT"]
[BlackTeamCountry "AUT"]

1. e4 c5 2. Nf3 Nc6 3. d4 cxd4 4. Nxd4 Nf6 5. Nc3 e5 6. Ndb5 d6 7. a4 a6 8. Na3 Bg4 9. Be2 Bxe2 10. Qxe2 Nd4 11. Qd3 d5 12. 0-0 dxe4 13. Nxe4 Nd5 14. Ng5 Be7 15. Nf3 Nb4 16. Qe4 f5 17. Qxe5 Nxf3+ 18. gxf3 0-0 19. Bf4 Kh8 20. Rad1 Qe8 21. Qe3 Qg6+ 22. Kh1 Rae8 23. Rg1 Qh5 24. Rg2 Nc6 25. Rdg1 Bf6 26. Qb3 Nd4 27. Qxb7 Nxf3 28. Rf1 Re4 29. Bg3 Rfe8 30. Nb1 Re1 31. Nd2 Nxd2 32. Rxe1 Rxe1+ 33. Rg1 Rxg1+ 34. Kxg1 Qd1+ 0-1